| 000 | 01801cam a22004454i 4500 | ||
|---|---|---|---|
| 003 | PE-LiUPU | ||
| 005 | 20250731165415.0 | ||
| 008 | 151126s2007 pe grm 000 0 spa d | ||
| 035 | _a(Sirsi) a155266 | ||
| 040 |
_aPE-LiUPU _bspa _cPE-LiUPU _erda |
||
| 099 |
_aSP 3 _bD98 2007 |
||
| 100 | 1 |
_aDurán Alemán, Eva Ximena _eautor |
|
| 245 | 1 |
_aPrevalencia de maltrato infantil en las escuelas Federico Gonzáles Suárez y Santa María de la Esperanza del Canton Chordeleg, Azuay, Ecuador, 2005 / _cEva Ximena Durán Alemán. |
|
| 264 | 0 | _c2007. | |
| 300 |
_a59 hojas _c31 cm |
||
| 336 |
_atext _2rdacontent |
||
| 337 |
_aunmediated _2rdamedia |
||
| 338 |
_avolume _2rdacarrier |
||
| 502 |
_aTesis _b(Mg.) -- _cUniversidad Peruana Unión, _d2007. |
||
| 504 | _aIncluye referencias | ||
| 520 | 3 | _aEl maltrato infantil a medida que pasan los años va en aumento de manera preocupante, convirtiéndose así en un problema de salud publica a nivel mundial. Los niños del cantón Chordeleg de Azuay, Ecuador, de las escuelas Federico Gonzales Suarez y Santa María de la Esperanza forman parte de esta realidad, pues se detecto en ellos señales de maltrato físico, psicológico, negligencia e incluso sexual, que ponen en riesgo su integridad y desarrollo. | |
| 526 | _aSEG44 | ||
| 526 | _aSEG26 | ||
| 526 | _aP151 | ||
| 526 | _aP150 | ||
| 526 | _aP149 | ||
| 526 | _aP146 | ||
| 526 | _aP145 | ||
| 526 | _aP126 | ||
| 526 | _aP125 | ||
| 526 | _aP92 | ||
| 526 | _aP75 | ||
| 526 | _aP74 | ||
| 526 | _aP27 | ||
| 526 | _aP15 | ||
| 650 | 0 | 4 |
_aAbuso de niños _xEcuador. |
| 596 | _a1 | ||
| 942 |
_2ddc _cTESIS |
||
| 999 |
_aSP 3 D98 2007 _wALPHANUM _c7948 _iT01011 _d7948 _lCCODEBUL3 _mBUL _q1 _r1 _sY _tTESIS _u2015-11-26 _xPOSGRADO _PP82 _o.STAFF. Tesis |
||
| 980 |
_81 _gALBERTO SANCHEZ Responsable de Automatización |
||